[Event "12. Open Internacional C. A. Villaverde"]
[Site "Madrid ESP"]
[Date "2010.04.26"]
[Round "5.8"]
[White "Alvarez Gonzalez, Eduardo"]
[Black "Fuentes Arjona, Antonio"]
[Result "0-1"]
[WhiteElo "1884"]
[BlackElo "2019"]
[PlyCount "74"]
[EventDate "2010.04.19"]
[EventType "swiss"]
[EventRounds "8"]
[EventCountry "ESP"]
[Source "lmi"]
[SourceDate "2010.04.19"]

1. d4 Nf6 2. Nf3 g6 3. c4 Bg7 4. Nc3 d5 5. Qb3 dxc4 6. Qxc4 O-O 7. Bg5 Be6 8.
Qb4 b6 9. e3 c6 10. Qa4 b5 11. Qc2 Nbd7 12. Be2 h6 13. Bh4 a6 14. Nd2 c5 15.
Bxf6 Bxf6 16. dxc5 Nxc5 17. Nde4 Nxe4 18. Qxe4 Qa5 19. O-O b4 20. Nd1 Rad8 21.
Qb7 Rd2 22. Qxa6 Qxa6 23. Bxa6 Ra8 24. Bb5 Rxa2 25. Rxa2 Bxa2 26. Ba4 Bc4 27.
Re1 b3 28. f4 Bxb2 29. Nxb2 Rxb2 30. Rc1 Bd5 31. g3 Rg2+ 32. Kf1 b2 33. Rc8+
Kg7 34. Rb8 Rxh2 35. Bd1 Be4 36. Kg1 Rh1+ 37. Kf2 b1=Q 0-1

[Event "12. Open Internacional C. A. Villaverde"]
[Site "Madrid ESP"]
[Date "2010.04.26"]
[Round "5.10"]
[White "Cruz Monzon, Jose"]
[Black "Pozuelo Yuen, Fernando"]
[Result "1-0"]
[WhiteElo "2010"]
[BlackElo "1821"]
[PlyCount "51"]
[EventDate "2010.04.19"]
[EventType "swiss"]
[EventRounds "8"]
[EventCountry "ESP"]
[Source "lmi"]
[SourceDate "2010.04.19"]

1. d4 d5 2. c4 c6 3. Nc3 e6 4. Nf3 dxc4 5. e4 b5 6. a4 Bb4 7. axb5 cxb5 8. Bd2
Bxc3 9. Bxc3 a5 10. d5 Nf6 11. Bxf6 gxf6 12. Be2 Bb7 13. O-O exd5 14. exd5 Qxd5
15. Qe1 O-O 16. Rd1 Qe6 17. Nd4 Qe4 18. f3 Qe5 19. Qh4 Nc6 20. Rfe1 Nxd4 21.
Rxd4 Rae8 22. Rg4+ Kh8 23. Bf1 Qxb2 24. Rb1 Qc3 25. Rxb5 f5 26. Rxf5 1-0

[Event "12. Open Internacional C. A. Villaverde"]
[Site "Madrid ESP"]
[Date "2010.04.26"]
[Round "5.11"]
[White "Vidaurre Vargas, Luis"]
[Black "Nieto Esteban, Manuel"]
[Result "1/2-1/2"]
[WhiteElo "1945"]
[BlackElo "1817"]
[PlyCount "44"]
[EventDate "2010.04.19"]
[EventType "swiss"]
[EventRounds "8"]
[EventCountry "ESP"]
[Source "lmi"]
[SourceDate "2010.04.19"]

1. d4 f5 2. c4 e6 3. Nc3 Nf6 4. Nf3 b6 5. Bf4 Bb4 6. Qb3 Bxc3+ 7. Qxc3 Bb7 8.
h3 d6 9. g4 Nbd7 10. Rg1 Ne4 11. Qe3 Qe7 12. gxf5 exf5 13. d5 Ne5 14. b3 O-O-O
15. Nd4 g6 16. Ne6 Rde8 17. O-O-O Qf6 18. f3 Nxf3 19. exf3 Qa1+ 20. Kc2 Qxa2+
21. Kc1 Qa1+ 22. Kc2 Qa2+ 1/2-1/2

[Event "12. Open Internacional C. A. Villaverde"]
[Site "Madrid ESP"]
[Date "2010.04.26"]
[Round "5.12"]
[White "Tirado Parra, Alberto"]
[Black "Benitez Cadenas, Luis Miguel"]
[Result "1-0"]
[WhiteElo "1943"]
[BlackElo "1770"]
[PlyCount "61"]
[EventDate "2010.04.19"]
[EventType "swiss"]
[EventRounds "8"]
[EventCountry "ESP"]
[Source "lmi"]
[SourceDate "2010.04.19"]

1. e4 e6 2. d4 d5 3. Nc3 dxe4 4. Nxe4 Be7 5. Nf3 Nf6 6. Ng3 O-O 7. Bd3 Nbd7 8.
O-O c5 9. c3 cxd4 10. cxd4 b6 11. Ne5 Bb7 12. Qe2 Nd5 13. a3 N7f6 14. Ne4 h6
15. Bd2 Rb8 16. Rac1 Nxe4 17. Bxe4 Qd6 18. Rc2 Rbc8 19. Rfc1 Rxc2 20. Rxc2 Rc8
21. Qh5 f5 22. Qf7+ Kh7 23. Qg6+ Kg8 24. Rxc8+ Bxc8 25. Qe8+ Bf8 26. Bxd5 Qxd5
27. Qf7+ Kh7 28. Qxf8 Qxd4 29. Nf3 Qc4 30. Be3 Qc7 31. h4 1-0

[Event "12. Open Internacional C. A. Villaverde"]
[Site "Madrid ESP"]
[Date "2010.04.26"]
[Round "5.13"]
[White "Rodriguez Bachiller, Luis"]
[Black "Urena Castellanos, Antonio"]
[Result "1-0"]
[WhiteElo "1897"]
[BlackElo "1613"]
[PlyCount "71"]
[EventDate "2010.04.19"]
[EventType "swiss"]
[EventRounds "8"]
[EventCountry "ESP"]
[Source "lmi"]
[SourceDate "2010.04.19"]

1. e4 e6 2. d4 d5 3. exd5 exd5 4. Nf3 c5 5. Bb5+ Nc6 6. Qe2+ Be7 7. dxc5 Bg4 8.
O-O Nf6 9. Re1 Bxf3 10. Qxf3 O-O 11. Bxc6 bxc6 12. b4 Rb8 13. a3 a5 14. c3 h6
15. Bf4 Rb7 16. Nd2 Nh7 17. Nb3 a4 18. Na5 Rd7 19. Nxc6 Qe8 20. Nxe7+ Rxe7 21.
Rxe7 Qxe7 22. Bd6 Ng5 23. Bxe7 Nxf3+ 24. gxf3 Re8 25. Re1 f6 26. Kf1 Kf7 27.
Bxf6 Rb8 28. Be5 Rc8 29. Bd6 g5 30. Re5 Kg6 31. Rxd5 Re8 32. Re5 Rg8 33. b5 Kf6
34. b6 g4 35. fxg4 Rxg4 36. b7 1-0

[Event "12. Open Internacional C. A. Villaverde"]
[Site "Madrid ESP"]
[Date "2010.04.26"]
[Round "5.14"]
[White "Garcia Lopez, Fernando"]
[Black "Keller, August"]
[Result "0-1"]
[WhiteElo "1660"]
[BlackElo "1770"]
[PlyCount "96"]
[EventDate "2010.04.19"]
[EventType "swiss"]
[EventRounds "8"]
[EventCountry "ESP"]
[Source "lmi"]
[SourceDate "2010.04.19"]

1. e4 c5 2. Nf3 d6 3. d4 cxd4 4. Nxd4 Nf6 5. Nc3 Nc6 6. f3 e6 7. Be3 Nxd4 8.
Qxd4 Qa5 9. Bd2 Qc5 10. Qxc5 dxc5 11. Nb5 Kd7 12. O-O-O Kc6 13. Bf4 Nh5 14. Be3
a6 15. Nc3 Bd6 16. g3 Bd7 17. Bg2 Kc7 18. Rhf1 Bc6 19. Rf2 Rhd8 20. f4 g6 21.
e5 Be7 22. Bxc6 Rxd1+ 23. Kxd1 Rd8+ 24. Rd2 Rxd2+ 25. Kxd2 Kxc6 26. Ne4 Kd5 27.
Nc3+ Kc6 28. Ne2 Kd5 29. g4 Ng7 30. Nc3+ Kc6 31. b3 b5 32. Ne2 Kd5 33. Nc3+ Kc6
34. Ne2 Ne8 35. c3 h6 36. a3 Kd5 37. b4 c4 38. Bf2 Ke4 39. h3 Nc7 40. Nd4 Nd5
41. Nc6 Kxf4 42. Nb8 Kxe5 43. Nxa6 Bg5+ 44. Kc2 Ke4 45. Bg1 Bf6 46. Nc5+ Kf3
47. Bd4 Bxd4 48. cxd4 Kg3 0-1

[Event "12. Open Internacional C. A. Villaverde"]
[Site "Madrid ESP"]
[Date "2010.04.26"]
[Round "5.15"]
[White "Baeza Escudero, Javier"]
[Black "Garcia-Ines Sanchez, Gustavo"]
[Result "1-0"]
[WhiteElo "1964"]
[BlackElo "1719"]
[PlyCount "87"]
[EventDate "2010.04.19"]
[EventType "swiss"]
[EventRounds "8"]
[EventCountry "ESP"]
[Source "lmi"]
[SourceDate "2010.04.19"]

1. e4 c5 2. Nf3 d6 3. d4 cxd4 4. Nxd4 e6 5. Nc3 a6 6. a4 Be7 7. Be3 Nf6 8. Bc4
O-O 9. O-O Nc6 10. f4 Nxd4 11. Bxd4 Qc7 12. Bb3 Rd8 13. a5 d5 14. e5 Ne4 15.
Kh1 Bc5 16. Ne2 Bxd4 17. Nxd4 Qc5 18. c3 Bd7 19. Qe2 Rac8 20. Rf3 Bb5 21. Nxb5
Qxb5 22. Qxb5 axb5 23. Bc2 Nd2 24. Rh3 g6 25. Kg1 b4 26. Kf2 Rc5 27. Ke2 bxc3
28. Rxc3 Rxc3 29. bxc3 Nc4 30. Bb3 Ra8 31. Bxc4 dxc4 32. Ke3 Rd8 33. Ke4 Kg7
34. Ra4 Rd5 35. g4 f5+ 36. exf6+ Kxf6 37. g5+ Kf7 38. Rxc4 Rd7 39. Rb4 Ke8 40.
Rd4 Ke7 41. Rxd7+ Kxd7 42. Ke5 Ke7 43. h4 Kf7 44. Kd6 1-0

[Event "12. Open Internacional C. A. Villaverde"]
[Site "Madrid ESP"]
[Date "2010.04.26"]
[Round "5.17"]
[White "Hernandez Mateo, Javier"]
[Black "Martinez Miura, Enrique"]
[Result "1/2-1/2"]
[WhiteElo "1696"]
[BlackElo "1724"]
[PlyCount "89"]
[EventDate "2010.04.19"]
[EventType "swiss"]
[EventRounds "8"]
[EventCountry "ESP"]
[Source "lmi"]
[SourceDate "2010.04.19"]

1. d4 e6 2. c4 d5 3. Nc3 Nf6 4. Bg5 Be7 5. e3 O-O 6. Nf3 c6 7. Bd3 Nbd7 8. O-O
h6 9. Bh4 dxc4 10. Bxc4 b5 11. Bd3 Bb7 12. Bg3 b4 13. Ne4 c5 14. Ned2 cxd4 15.
Nxd4 Nc5 16. Be2 Rc8 17. N2f3 Qb6 18. Ne5 Nfe4 19. Bf3 Nxg3 20. hxg3 Bxf3 21.
Qxf3 Bf6 22. Nc4 Qa6 23. Nd2 Rfd8 24. N2b3 Nxb3 25. axb3 Qb6 26. Qe2 Bxd4 27.
exd4 Qxd4 28. Ra4 Rc6 29. Qb5 Rdc8 30. Qxb4 Qxb2 31. Rxa7 Rc1 32. Rxc1 Rxc1+
33. Kh2 Qb1 34. g4 Rh1+ 35. Kg3 Qd3+ 36. f3 Qd8 37. Qe7 Qxe7 38. Rxe7 Rb1 39.
Rb7 g5 40. b4 Rb3 41. b5 e5 42. b6 e4 43. Rb8+ Kg7 44. b7 e3 45. Re8 1/2-1/2

[Event "12. Open Internacional C. A. Villaverde"]
[Site "Madrid ESP"]
[Date "2010.04.26"]
[Round "5.18"]
[White "Sierra Soria, Maria"]
[Black "Hernandez Mateo, Borja"]
[Result "1-0"]
[WhiteElo "1744"]
[BlackElo "1565"]
[PlyCount "86"]
[EventDate "2010.04.19"]
[EventType "swiss"]
[EventRounds "8"]
[EventCountry "ESP"]
[Source "lmi"]
[SourceDate "2010.04.19"]

1. c4 f5 2. Nf3 g6 3. g3 Nf6 4. Bg2 Bg7 5. O-O O-O 6. d4 d6 7. Nc3 Nc6 8. d5
Ne5 9. Nd2 Ned7 10. Rb1 a5 11. Nf3 Nc5 12. Nd4 Rb8 13. a3 Bd7 14. f3 e5 15.
dxe6 Nxe6 16. Be3 Re8 17. Re1 Nc5 18. Bf2 Re7 19. b4 axb4 20. axb4 Ne6 21. Qd2
Be8 22. Qd3 Bf7 23. e3 Kh8 24. Re2 Qg8 25. Ndb5 Nd7 26. Nd5 Ree8 27. Rc1 Rbc8
28. Ndc3 Nb6 29. Na3 Nd8 30. Ncb5 Nc6 31. Qb3 Re5 32. Rec2 Ree8 33. e4 Red8 34.
exf5 gxf5 35. f4 Nd7 36. Rb1 Nf6 37. Qd3 Bg6 38. Nc3 Ng4 39. Bd5 Nxf2 40. Kxf2
Bd4+ 41. Kg2 Qg7 42. Nab5 Bxc3 43. Nxc3 Rf8 1-0

[Event "12. Open Internacional C. A. Villaverde"]
[Site "Madrid ESP"]
[Date "2010.04.26"]
[Round "5.19"]
[White "Cortijo Manso, Luis"]
[Black "Benito Mellado, Humberto"]
[Result "1-0"]
[WhiteElo "1614"]
[BlackElo "1648"]
[PlyCount "89"]
[EventDate "2010.04.19"]
[EventType "swiss"]
[EventRounds "8"]
[EventCountry "ESP"]
[Source "lmi"]
[SourceDate "2010.04.19"]

1. e4 c5 2. Nf3 d6 3. d4 cxd4 4. Nxd4 Nf6 5. Nc3 a6 6. f3 e5 7. Nb3 Nc6 8. Be3
b5 9. Qd2 Be7 10. O-O-O O-O 11. g4 Be6 12. h4 Ne8 13. g5 f5 14. Bh3 Qc8 15. f4
exf4 16. Bxf4 Ne5 17. exf5 Bxf5 18. Bxf5 Rxf5 19. Nd5 Bd8 20. Nd4 Nc4 21. Nxf5
Qxf5 22. Qd3 Qf7 23. h5 Ne5 24. Bxe5 Bxg5+ 25. Kb1 dxe5 26. Rdf1 Nf6 27. Nxf6+
gxf6 28. Qe4 Re8 29. Qc6 Re6 30. Qc8+ Kg7 31. Qc3 f5 32. Rhg1 h6 33. Re1 Qf6
34. Qc7+ Re7 35. Qc8 e4 36. Rh1 f4 37. Qg4 e3 38. Re2 Qe5 39. Rd1 Kf6 40. b3 b4
41. Qf3 Re6 42. Qa8 Kf5 43. Rd5 f3 44. Rxe5+ Rxe5 45. Qxf3+ 1-0

[Event "12. Open Internacional C. A. Villaverde"]
[Site "Madrid ESP"]
[Date "2010.04.27"]
[Round "6.1"]
[White "Lopez Heras, Arturo"]
[Black "Gemy, Jose Daniel"]
[Result "0-1"]
[WhiteElo "2001"]
[BlackElo "2215"]
[PlyCount "56"]
[EventDate "2010.04.19"]
[EventType "swiss"]
[EventRounds "8"]
[EventCountry "ESP"]
[Source "lmi"]
[SourceDate "2010.04.19"]

1. e4 c5 2. Nf3 Nc6 3. c3 d5 4. exd5 Qxd5 5. d4 Bg4 6. dxc5 Qxd1+ 7. Kxd1 e5 8.
Be3 f5 9. b4 f4 10. Bd2 e4 11. Be2 exf3 12. gxf3 Bf5 13. Bxf4 Nf6 14. Bc4
O-O-O+ 15. Kc1 Nd5 16. Bd2 Ne5 17. Be2 Nd3+ 18. Bxd3 Bxd3 19. a4 Be7 20. Na3
Rhf8 21. Nb5 Rxf3 22. Nxa7+ Kb8 23. Nb5 Bxb5 24. axb5 Bf6 25. Rg1 Nxc3 26. Bxc3
Rxc3+ 27. Kb1 Rb3+ 28. Kc2 Rb2+ 0-1

[Event "12. Open Internacional C. A. Villaverde"]
[Site "Madrid ESP"]
[Date "2010.04.27"]
[Round "6.2"]
[White "Ramirez Garcia, Jorge Alberto"]
[Black "Lopez-Andujar Ocaña, Antonio"]
[Result "1-0"]
[WhiteElo "2185"]
[BlackElo "2093"]
[PlyCount "121"]
[EventDate "2010.04.19"]
[EventType "swiss"]
[EventRounds "8"]
[EventCountry "ESP"]
[Source "lmi"]
[SourceDate "2010.04.19"]

1. e4 e5 2. Nf3 Nc6 3. d4 exd4 4. Nxd4 Bb4+ 5. c3 Be7 6. Nf5 Bf6 7. Ne3 d6 8.
Nd5 Be6 9. g3 Qd7 10. Be3 Ne5 11. h3 Ne7 12. Nxf6+ gxf6 13. f4 Nc4 14. Bxc4
Bxc4 15. Qd4 Ba6 16. Qxf6 Rg8 17. g4 Rg6 18. Qh8+ Rg8 19. Qd4 c5 20. Qd1 Qc6
21. Nd2 O-O-O 22. Qf3 d5 23. e5 b6 24. Bf2 Bb7 25. Bh4 Rge8 26. Rh2 Qa4 27. b3
Qa3 28. Qd1 Qa5 29. Qc2 Rd7 30. Bxe7 Rexe7 31. O-O-O b5 32. Kb2 Qb6 33. Qxh7 d4
34. Nb1 c4 35. cxd4 Rxd4 36. Rhd2 Red7 37. Qh8+ Kc7 38. e6 Rxd2+ 39. Rxd2 Rxd2+
40. Nxd2 fxe6 41. Qe5+ Kd7 42. g5 Qf2 43. Qxb5+ Bc6 44. Qa5 cxb3 45. axb3 a6
46. g6 Qg2 47. f5 exf5 48. Qxf5+ Kc7 49. Qe5+ Kc8 50. Qd6 Kb7 51. Ka3 Bd5 52.
Qd7+ Kb8 53. g7 Qg5 54. h4 Qe5 55. Qd8+ Kb7 56. Qd7+ Kb6 57. Ka2 Be6 58. Qd8+
Kb7 59. Qe7+ Kc6 60. Nc4 Qe2+ 61. Ka3 1-0

[Event "12. Open Internacional C. A. Villaverde"]
[Site "Madrid ESP"]
[Date "2010.04.27"]
[Round "6.3"]
[White "Martin Rodriguez, Emilio"]
[Black "Vazquez Gonzalez, Jesus"]
[Result "1/2-1/2"]
[WhiteElo "2071"]
[BlackElo "2073"]
[PlyCount "97"]
[EventDate "2010.04.19"]
[EventType "swiss"]
[EventRounds "8"]
[EventCountry "ESP"]
[Source "lmi"]
[SourceDate "2010.04.19"]

1. d4 Nf6 2. c4 g6 3. Nc3 Bg7 4. e4 d6 5. Nf3 O-O 6. Bg5 Nh5 7. Be2 f6 8. Be3
e5 9. dxe5 dxe5 10. Qxd8 Rxd8 11. Nd5 Na6 12. Ne7+ Kf7 13. Nxc8 Raxc8 14. a3
Nf4 15. Bxf4 exf4 16. b4 c5 17. e5 fxe5 18. Ng5+ Ke7 19. Bg4 e4 20. Rc1 Rb8 21.
b5 Nc7 22. O-O h5 23. Bh3 Rd3 24. Nxe4 Bd4 25. Rcd1 Rxd1 26. Rxd1 Rd8 27. Kf1
Na8 28. Re1 Kf8 29. Ng5 Re8 30. Ne6+ Kf7 31. Re4 Bf6 32. Nxc5 Rxe4 33. Nxe4 Be7
34. Bc8 b6 35. a4 Nc7 36. Ke2 g5 37. Kd3 Ne8 38. c5 bxc5 39. Kc4 Nd6+ 40. Nxd6+
Bxd6 41. Kd5 Ke7 42. Bf5 Bc7 43. f3 Bb6 44. Bg6 h4 45. Bf5 Kf6 46. Bd3 Ke7 47.
Kc6 Ke6 48. Be4 Ke5 49. a5 1/2-1/2

[Event "12. Open Internacional C. A. Villaverde"]
[Site "Madrid ESP"]
[Date "2010.04.27"]
[Round "6.4"]
[White "Camarero Izquierdo, Juan Carlos"]
[Black "Garcia Diaz, Victor Manuel"]
[Result "1/2-1/2"]
[WhiteElo "1924"]
[BlackElo "2095"]
[PlyCount "116"]
[EventDate "2010.04.19"]
[EventType "swiss"]
[EventRounds "8"]
[EventCountry "ESP"]
[Source "lmi"]
[SourceDate "2010.04.19"]

1. e4 c5 2. Nf3 Nc6 3. d4 cxd4 4. Nxd4 Nf6 5. Nc3 e5 6. Ndb5 d6 7. Nd5 Nxd5 8.
exd5 Nb8 9. Be3 a6 10. Nc3 Be7 11. Qd2 f5 12. f3 O-O 13. O-O-O b5 14. Kb1 Nd7
15. g4 Nb6 16. Bxb6 Qxb6 17. gxf5 b4 18. Ne4 Bxf5 19. h4 a5 20. Bd3 a4 21. Ng5
a3 22. Bxf5 Rxf5 23. Qd3 Raf8 24. Rdg1 Qd4 25. Qxd4 exd4 26. Ne6 R8f7 27. Nxd4
Rxd5 28. Nc6 Bf6 29. Nxb4 Rb5 30. bxa3 Ra7 31. c4 Rbb7 32. Kc2 Rxa3 33. Rb1
Rc3+ 34. Kd2 Rxc4 35. Nd5 Rxb1 36. Nxf6+ gxf6 37. Rxb1 Rxh4 38. Ra1 Ra4 39. Kc2
Kf7 40. Kb3 Ra7 41. a4 h5 42. Kb4 Rb7+ 43. Kc4 Ke6 44. a5 d5+ 45. Kc5 Ke5 46.
a6 Ra7 47. Kb6 Ra8 48. Kb7 Rg8 49. a7 d4 50. a8=Q Rxa8 51. Rxa8 Kf4 52. Kc6 d3
53. Ra3 Ke3 54. Kd5 Ke2 55. Ke4 d2 56. Re3+ Kf2 57. Rd3 Ke2 58. Re3+ Kf2
1/2-1/2

[Event "12. Open Internacional C. A. Villaverde"]
[Site "Madrid ESP"]
[Date "2010.04.27"]
[Round "6.5"]
[White "Lopez De Turiso, Jose Angel"]
[Black "Cano Cabanillas, Javier"]
[Result "1/2-1/2"]
[WhiteElo "2118"]
[BlackElo "1966"]
[PlyCount "66"]
[EventDate "2010.04.19"]
[EventType "swiss"]
[EventRounds "8"]
[EventCountry "ESP"]
[Source "lmi"]
[SourceDate "2010.04.19"]

1. e4 e6 2. c4 d5 3. exd5 exd5 4. d4 Bb4+ 5. Nc3 Nf6 6. Bd3 O-O 7. Nge2 c6 8.
O-O dxc4 9. Bxc4 Bf5 10. d5 cxd5 11. Nxd5 Nxd5 12. Bxd5 Nc6 13. Qb3 Qe7 14. Ng3
Bg6 15. a3 Bc5 16. Be3 Bxe3 17. fxe3 Ne5 18. e4 Ng4 19. Rac1 Qg5 20. Rc3 Qe5
21. Rcf3 Nf6 22. Qc3 Qxc3 23. Rxc3 Rae8 24. Rc7 Bxe4 25. Bxe4 Nxe4 26. Nxe4
Rxe4 27. Rxb7 Re2 28. Rc1 h6 29. Rcc7 Rd8 30. Rxf7 Rd1+ 31. Rf1 Rdd2 32. Rff7
Rd1+ 33. Rf1 Rdd2 1/2-1/2

[Event "12. Open Internacional C. A. Villaverde"]
[Site "Madrid ESP"]
[Date "2010.04.27"]
[Round "6.6"]
[White "Fuentes Arjona, Antonio"]
[Black "Lozano Sanchez, Jose Antonio"]
[Result "1-0"]
[WhiteElo "2019"]
[BlackElo "1913"]
[PlyCount "87"]
[EventDate "2010.04.19"]
[EventType "swiss"]
[EventRounds "8"]
[EventCountry "ESP"]
[Source "lmi"]
[SourceDate "2010.04.19"]

1. e4 e5 2. d4 exd4 3. f4 Bc5 4. Nf3 Nc6 5. a3 d6 6. Bd3 Nf6 7. O-O O-O 8. e5
Ng4 9. b4 Bb6 10. h3 Ne3 11. Bxe3 dxe3 12. Kh1 dxe5 13. fxe5 Qe7 14. c4 a5 15.
c5 Ba7 16. Nc3 Be6 17. Qb1 h6 18. Re1 Rad8 19. Rxe3 Bb8 20. Be4 f5 21. exf6
Qxf6 22. b5 Ne7 23. Qe1 Nf5 24. Bxf5 Bxf5 25. Rd1 Rxd1 26. Qxd1 c6 27. Qe1 Bf4
28. Re2 cxb5 29. Nd5 Qf7 30. Nxf4 Bd7 31. Ne5 Qxf4 32. Nxd7 Rf7 33. Re8+ Kh7
34. Qb1+ Qf5 35. Qxf5+ Rxf5 36. Rb8 b4 37. axb4 axb4 38. Rxb7 Rf1+ 39. Kh2 Rd1
40. c6 b3 41. Rxb3 Rc1 42. Ne5 g5 43. Rb4 Rc5 44. Rc4 1-0

[Event "12. Open Internacional C. A. Villaverde"]
[Site "Madrid ESP"]
[Date "2010.04.27"]
[Round "6.7"]
[White "Iagar, Razvan-Gabriel"]
[Black "Tirado Parra, Alberto"]
[Result "1-0"]
[WhiteElo "2013"]
[BlackElo "1943"]
[PlyCount "81"]
[EventDate "2010.04.19"]
[EventType "swiss"]
[EventRounds "8"]
[EventCountry "ESP"]
[Source "lmi"]
[SourceDate "2010.04.19"]

1. f4 d5 2. g3 Nf6 3. Nf3 g6 4. Bg2 Bg7 5. d3 O-O 6. O-O c5 7. Qe1 d4 8. Na3
Nd5 9. Bd2 Nc6 10. c3 f6 11. Nc2 e5 12. fxe5 fxe5 13. c4 Nde7 14. Ng5 Bd7 15.
b4 cxb4 16. Nxb4 Rxf1+ 17. Qxf1 Qf8 18. Nd5 h6 19. Nxe7+ Nxe7 20. Ne4 Nf5 21.
Rb1 Bc6 22. Bb4 Qd8 23. Bd2 Nd6 24. Nxd6 Qxd6 25. Bxc6 Qxc6 26. Qg2 Qxg2+ 27.
Kxg2 b6 28. Bb4 Bf8 29. Be1 Kf7 30. g4 Be7 31. Bg3 Ke6 32. Kf3 Rc8 33. Rb5 Rc5
34. a4 Rxb5 35. axb5 g5 36. Ke4 Bd6 37. h3 Bc7 38. e3 dxe3 39. Kxe3 Bb8 40. Ke4
Bd6 41. Bh2 1-0

[Event "12. Open Internacional C. A. Villaverde"]
[Site "Madrid ESP"]
[Date "2010.04.27"]
[Round "6.8"]
[White "Ruiz Quevedo, Andres"]
[Black "Cruz Monzon, Jose"]
[Result "1/2-1/2"]
[WhiteElo "1918"]
[BlackElo "2010"]
[PlyCount "66"]
[EventDate "2010.04.19"]
[EventType "swiss"]
[EventRounds "8"]
[EventCountry "ESP"]
[Source "lmi"]
[SourceDate "2010.04.19"]

1. c4 Nf6 2. Nf3 e6 3. g3 d5 4. Bg2 Nbd7 5. O-O c6 6. b3 Be7 7. Bb2 O-O 8. d4
b6 9. Nc3 Bb7 10. Rc1 Rc8 11. cxd5 exd5 12. Qd3 Re8 13. Rfd1 Ne4 14. Nxe4 dxe4
15. Qxe4 Bg5 16. Nxg5 Rxe4 17. Nxe4 Nf6 18. Nxf6+ gxf6 19. Rc2 Qe7 20. Rdc1 c5
21. Bxb7 Qxb7 22. dxc5 Rxc5 23. Bxf6 Qe4 24. Rd1 h6 25. Rcd2 Rc2 26. Bd4 Rxd2
27. Rxd2 Kh7 28. f3 Qc6 29. Kf2 Qc1 30. Rd3 Qh1 31. g4 Qxh2+ 32. Ke1 Qh4+ 33.
Kd1 Qh1+ 1/2-1/2

[Event "12. Open Internacional C. A. Villaverde"]
[Site "Madrid ESP"]
[Date "2010.04.27"]
[Round "6.9"]
[White "Gomez Ferrer, Jesus"]
[Black "Rodriguez Bachiller, Luis"]
[Result "1-0"]
[WhiteElo "1996"]
[BlackElo "1897"]
[PlyCount "83"]
[EventDate "2010.04.19"]
[EventType "swiss"]
[EventRounds "8"]
[EventCountry "ESP"]
[Source "lmi"]
[SourceDate "2010.04.19"]

1. e4 c6 2. d4 d5 3. e5 Bf5 4. Nf3 e6 5. Bd3 Bxd3 6. Qxd3 c5 7. dxc5 Qa5+ 8. c3
Qxc5 9. O-O Ne7 10. a4 Nbc6 11. Na3 Ng6 12. Re1 a6 13. Bd2 Qb6 14. b4 Qc7 15.
Qe2 Be7 16. g3 O-O 17. h4 Rfe8 18. h5 Nf8 19. Rac1 Na5 20. c4 Nb3 21. Rc2 Nxd2
22. Qxd2 dxc4 23. Rxc4 Qb8 24. Rg4 Kh8 25. Qf4 f5 26. exf6 Bxf6 27. Ne5 Bxe5
28. Rxe5 Qc7 29. Nc4 Rad8 30. Qf3 Qd7 31. Re1 Qc6 32. Qf7 Qd7 33. Qf4 b5 34.
axb5 axb5 35. Ne5 Qd2 36. Re3 Qc1+ 37. Kh2 Rd1 38. Qf3 Rc8 39. h6 Ng6 40. hxg7+
Kxg7 41. Qf7+ Kh8 42. Nxg6+ 1-0

[Event "12. Open Internacional C. A. Villaverde"]
[Site "Madrid ESP"]
[Date "2010.04.27"]
[Round "6.10"]
[White "Perez Cameselle, Francisco"]
[Black "Baeza Escudero, Javier"]
[Result "1-0"]
[WhiteElo "1958"]
[BlackElo "1964"]
[PlyCount "79"]
[EventDate "2010.04.19"]
[EventType "swiss"]
[EventRounds "8"]
[EventCountry "ESP"]
[Source "lmi"]
[SourceDate "2010.04.19"]

1. Nf3 d5 2. g3 Nf6 3. Bg2 e6 4. O-O Be7 5. d3 O-O 6. Nbd2 b6 7. e4 Bb7 8. e5
Nfd7 9. Re1 c5 10. Qe2 Nc6 11. c3 Rc8 12. Nf1 Qc7 13. h4 d4 14. c4 Nd8 15. Bf4
Nc6 16. h5 Qd8 17. N1h2 Re8 18. Ng4 f5 19. exf6 Bxf6 20. Nxf6+ gxf6 21. Bh3 e5
22. Bh6 Ne7 23. Nxd4 cxd4 24. Qg4+ Ng6 25. hxg6 Re7 26. gxh7+ Kxh7 27. Qh4 Kh8
28. Bf5 Qg8 29. Bg5+ Rh7 30. Bxf6+ Nxf6 31. Qxf6+ Qg7 32. Qxg7+ Kxg7 33. Bxh7
Kxh7 34. Rxe5 Kg6 35. Rae1 Rh8 36. Re6+ Kf5 37. R1e5+ Kg4 38. Rg6+ Kf3 39. Rf6+
Kg4 40. Rf4+ 1-0

[Event "12. Open Internacional C. A. Villaverde"]
[Site "Madrid ESP"]
[Date "2010.04.27"]
[Round "6.11"]
[White "Gutierrez Garcia, Alberto"]
[Black "Vidaurre Vargas, Luis"]
[Result "0-1"]
[WhiteElo "1722"]
[BlackElo "1945"]
[PlyCount "80"]
[EventDate "2010.04.19"]
[EventType "swiss"]
[EventRounds "8"]
[EventCountry "ESP"]
[Source "lmi"]
[SourceDate "2010.04.19"]

1. e4 e6 2. d4 d5 3. exd5 exd5 4. Bd3 Bd6 5. c3 Nf6 6. Nf3 O-O 7. O-O Nc6 8.
Bg5 h6 9. Bh4 Be6 10. Nbd2 g5 11. Bg3 Bxg3 12. fxg3 Ng4 13. Re1 Qd6 14. h3 Nf6
15. Ne5 Nd7 16. Qh5 Kg7 17. Nxd7 Bxd7 18. Kh2 f5 19. Re2 Rae8 20. Rae1 Rxe2 21.
Rxe2 f4 22. gxf4 Qxf4+ 23. Kg1 Rf6 24. Nf3 g4 25. hxg4 Bxg4 26. Qxd5 Qg3 27.
Re8 Rf7 28. Ng5 Qf2+ 29. Kh1 Qh4+ 30. Nh3 Bxh3 31. gxh3 Qxh3+ 32. Kg1 Qxd3 33.
Qg2+ Qg6 34. Rg8+ Kxg8 35. Qxg6+ Rg7 36. Qxg7+ Kxg7 37. d5 Ne5 38. b3 Kf6 39.
Kf2 Nf7 40. Ke3 Ke5 0-1

[Event "12. Open Internacional C. A. Villaverde"]
[Site "Madrid ESP"]
[Date "2010.04.27"]
[Round "6.13"]
[White "Nieto Esteban, Manuel"]
[Black "Alvarez Gonzalez, Eduardo"]
[Result "1/2-1/2"]
[WhiteElo "1817"]
[BlackElo "1884"]
[PlyCount "72"]
[EventDate "2010.04.19"]
[EventType "swiss"]
[EventRounds "8"]
[EventCountry "ESP"]
[Source "lmi"]
[SourceDate "2010.04.19"]

1. d4 Nf6 2. c4 e6 3. Nf3 b6 4. g3 Bb7 5. Bg2 Be7 6. Nc3 Ne4 7. Qc2 Nxc3 8.
Qxc3 d6 9. O-O Nd7 10. b3 O-O 11. Bb2 Bf6 12. Qc2 Rb8 13. Nd2 Bxg2 14. Kxg2 g6
15. e4 e5 16. d5 Qe7 17. Rae1 Rfe8 18. Bc1 a5 19. Nb1 Bg5 20. Nc3 Bxc1 21. Qxc1
Rf8 22. h4 f5 23. f4 fxe4 24. Nxe4 Qg7 25. Ng5 Nc5 26. fxe5 Rxf1 27. Rxf1 Qxe5
28. Qf4 Qxf4 29. Rxf4 h6 30. Nf3 Kg7 31. Nd4 Re8 32. Rf3 Re7 33. Kf1 Re4 34.
Nb5 Re7 35. Kf2 Ne4+ 36. Kg2 Nc5 1/2-1/2

[Event "12. Open Internacional C. A. Villaverde"]
[Site "Madrid ESP"]
[Date "2010.04.27"]
[Round "6.14"]
[White "Pozuelo Yuen, Fernando"]
[Black "Garcia Lopez, Fernando"]
[Result "1-0"]
[WhiteElo "1821"]
[BlackElo "1660"]
[PlyCount "55"]
[EventDate "2010.04.19"]
[EventType "swiss"]
[EventRounds "8"]
[EventCountry "ESP"]
[Source "lmi"]
[SourceDate "2010.04.19"]

1. e4 e5 2. Nf3 Nc6 3. d4 exd4 4. Bc4 Bb4+ 5. c3 dxc3 6. bxc3 Be7 7. Qd5 Nh6 8.
Bxh6 O-O 9. Bg5 h6 10. Bxe7 Qxe7 11. O-O d6 12. Nbd2 Qf6 13. Nd4 Ne5 14. f4 Ng4
15. e5 dxe5 16. fxe5 Qxe5 17. Qxe5 Nxe5 18. Bb3 Kh8 19. Rae1 c5 20. Rxe5 cxd4
21. cxd4 f6 22. Re7 b5 23. Rc1 Bf5 24. Rcc7 g5 25. g4 Bg6 26. Rg7 Bd3 27. Bd5
Rad8 28. Be4 1-0